Statistics for Hyundai Car Models by Picture

Click here to take the quiz!

General Stats

  • This quiz has been taken 36 times
  • The average score is 7 of 16

Answer Stats

Answer% Correct
Hyundai {Tucson}
88%
Hyundai {Kona}
80%
Hyundai {Elantra}
60%
Hyundai {i30 N}
60%
Hyundai {Ioniq 5}
60%
Hyundai {i20}
56%
Hyundai {Ioniq 6}
56%
Hyundai {Sonata}
56%
Hyundai {Santa Fe}
48%
Hyundai {Palisade}
44%
Hyundai {Staria}
36%
Hyundai {Creta}
32%
Hyundai {Venue}
24%
Hyundai {Stargazer}
20%
Hyundai {Verna}
16%
Hyundai {Aura}
12%

Score Distribution

Percentile by Number Answered

Percent of People with Each Score

Your Score History

You have not taken this quiz